Statistics for 30 Largest Cities in the East North Central USA

Click here to take the quiz!

General Stats

  • This quiz has been taken 37 times
  • The average score is 19 of 30

Answer Stats

Answer% Correct
Chicago
97%
Indianapolis
97%
Columbus
94%
Detroit
94%
Milwaukee
94%
Cincinnati
91%
Madison
91%
Cleveland
88%
Lansing
84%
Toledo
84%
Akron
81%
Grand Rapids
81%
Green Bay
78%
Springfield
78%
Fort Wayne
75%
South Bend
75%
Ann Arbor
66%
Dayton
66%
Peoria
50%
Rockford
50%
Joliet
44%
Aurora
41%
Evansville
38%
Naperville
34%
Warren
34%
Carmel
28%
Dearborn
25%
Elgin
22%
Sterling Heights
22%
Fishers
19%

Score Distribution

Percentile by Number Answered

Percent of People with Each Score

Your Score History

You have not taken this quiz